LEADER 01451nam 2200397 n 450 001 996388260003316 005 20221107214726.0 035 $a(CKB)1000000000636073 035 $a(EEBO)2248571985 035 $a(UnM)99842628 035 $a(EXLCZ)991000000000636073 100 $a19910516d1557 uy | 101 0 $aeng 135 $aurbn||||a|bb| 200 12$aA short introduction of grammar$b[electronic resource] $egenerally to be vsed. Compiled and set forth, for the bringing vp of all those that intend to attaine the knovvledge of the Latine tongue. Cum priuilegio 210 $a[Geneva $cC. Badius]$dM. D. LVII. [1557] 215 $a55, [1]+ p 300 $aBy William Lily, with contributions by John Colet, Thomas Robertson, and others. 300 $aImprint from STC. 300 $aIn two parts. 300 $aA complete copy collates a-c dâ´ A-H. 300 $aReproduction of the original in the Bodleian Library. 300 $aImperfect; lacks part 2 (all after leaf d4). 300 $aAt foot of title page: Cum priuilegio. 330 $aeebo-0014 606 $aLatin language$xGrammar$vEarly works to 1800 615 0$aLatin language$xGrammar 700 $aLily$b William$f1468?-1522.$0841046 801 0$bCu-RivES 801 1$bCu-RivES 801 2$bCStRLIN 801 2$bWaOLN 906 $aBOOK 912 $a996388260003316 996 $aA short introduction of grammar$92317971 997 $aUNISA LEADER 01131nam a22002531i 4500 001 991002765179707536 005 20030805092248.0 008 030925s1915 it |||||||||||||||||ita 035 $ab12336014-39ule_inst 035 $aARCHE-038355$9ExL 040 $aBiblioteca Interfacoltà$bita$cA.t.i. Arché s.c.r.l. Pandora Sicilia s.r.l. 100 1 $aPepe, Gabriele$0137504 245 10$aGabriele Pepe a Gino Capponi e ad altri :$b[Antonio Puccinelli, Lorenzo Bartolini ed Emanuele Repetti] : lettera inedita /$c[a cura di] Giovanni Jannone 260 $aFirenze :$bTip. G. Castrucci,$c1915 300 $a16 p. ;$c24 cm 500 $aSul front.: Nozze Jannone-Masini. Ed. di 100 esempl. num. f. c. 650 4$aPepe, Gabriele$xLettere a Gino Capponi 700 1 $aJannone, Giovanni 907 $a.b12336014$b02-04-14$c08-10-03 912 $a991002765179707536 945 $aLE002 Misc. I A 4/7 (Fondo Ferretti)$g1$i2002000179005$lle002$o-$pE0.00$q-$rn$so $t0$u0$v0$w0$x0$y.i12737720$z08-10-03 996 $aGabriele Pepe a Gino Capponi e ad altri$9160302 997 $aUNISALENTO 998 $ale002$b08-10-03$cm$da $e-$fita$git $h0$i1